<?xml version="1.0" encoding="UTF-8"?>
<record
    xmlns:xsi="http://www.w3.org/2001/XMLSchema-instance"
    xsi:schemaLocation="http://www.loc.gov/MARC21/slim http://www.loc.gov/standards/marcxml/schema/MARC21slim.xsd"
    xmlns="http://www.loc.gov/MARC21/slim">

  <leader>01310nam a2200253 i 4500</leader>
  <controlfield tag="001">69689</controlfield>
  <controlfield tag="003">ES-MaACL</controlfield>
  <controlfield tag="005">20251011063114.0</controlfield>
  <controlfield tag="007">t|</controlfield>
  <controlfield tag="008">040709s1970    it       b   |||| | spa d</controlfield>
  <datafield tag="080" ind1=" " ind2=" ">
    <subfield code="a">017(464.2)Catedral:091:34"04/14"</subfield>
  </datafield>
  <datafield tag="100" ind1="1" ind2=" ">
    <subfield code="a">Garc&#xED;a y Garc&#xED;a, Antonio, </subfield>
    <subfield code="d">1928-</subfield>
    <subfield code="9">151099</subfield>
  </datafield>
  <datafield tag="245" ind1="1" ind2="0">
    <subfield code="a">Cat&#xE1;logo de los manuscritos jur&#xED;dicos medievales de la Catedral de Toledo / </subfield>
    <subfield code="c">Antonio Garc&#xED;a y Garc&#xED;a, Ram&#xF3;n Gonz&#xE1;lvez.</subfield>
  </datafield>
  <datafield tag="260" ind1=" " ind2=" ">
    <subfield code="a">Roma : </subfield>
    <subfield code="b">[Consejo Superior de Investigaciones Cient&#xED;ficas. Delegaci&#xF3;n de Roma], </subfield>
    <subfield code="c">1970.</subfield>
  </datafield>
  <datafield tag="300" ind1=" " ind2=" ">
    <subfield code="a">XXV, 229 p. ; </subfield>
    <subfield code="c">25 cm.</subfield>
  </datafield>
  <datafield tag="490" ind1="1" ind2=" ">
    <subfield code="a">Cuadernos del Instituto Jur&#xED;dico Espa&#xF1;ol ; </subfield>
    <subfield code="v">21. </subfield>
    <subfield code="a">Serie de "Estudios" en colaboraci&#xF3;n con el Instituto de Historia de Teolog&#xED;a de la Universidad Pontificia de Salamanca ; </subfield>
    <subfield code="v">3</subfield>
  </datafield>
  <datafield tag="650" ind1=" " ind2="4">
    <subfield code="a">Manuscritos-</subfield>
    <subfield code="z">Catedral Primada de Toledo. Biblioteca Capitular-</subfield>
    <subfield code="v">Cat&#xE1;logos.</subfield>
    <subfield code="9">151097</subfield>
  </datafield>
  <datafield tag="650" ind1=" " ind2="4">
    <subfield code="a">Derecho-</subfield>
    <subfield code="v">Manuscritos-</subfield>
    <subfield code="v">Bibliograf&#xED;as.</subfield>
    <subfield code="9">151100</subfield>
  </datafield>
  <datafield tag="700" ind1="1" ind2=" ">
    <subfield code="a">Gonz&#xE1;lvez, Ram&#xF3;n.</subfield>
    <subfield code="9">59067</subfield>
  </datafield>
  <datafield tag="710" ind1="2" ind2=" ">
    <subfield code="a">Instituto Jur&#xED;dico Espa&#xF1;ol.</subfield>
    <subfield code="9">183273</subfield>
  </datafield>
  <datafield tag="830" ind1="0" ind2="0">
    <subfield code="a">Cuadernos del Instituto Jur&#xED;dico Espa&#xF1;ol. </subfield>
    <subfield code="p">Estudios en colaboraci&#xF3;n con el Instituto de Historia de Teolog&#xED;a de la Universidad Pontificia de Salamanca</subfield>
    <subfield code="v">21. </subfield>
    <subfield code="v">3</subfield>
    <subfield code="9">231006</subfield>
  </datafield>
  <datafield tag="852" ind1=" " ind2=" ">
    <subfield code="a">ES-MaACL</subfield>
    <subfield code="j">C-37588</subfield>
  </datafield>
  <datafield tag="999" ind1=" " ind2=" ">
    <subfield code="c">69689</subfield>
    <subfield code="d">69689</subfield>
  </datafield>
  <datafield tag="952" ind1=" " ind2=" ">
    <subfield code="0">0</subfield>
    <subfield code="1">0</subfield>
    <subfield code="2">udc</subfield>
    <subfield code="4">0</subfield>
    <subfield code="7">0</subfield>
    <subfield code="8">Biblioteca_profesional </subfield>
    <subfield code="a">ATENEOM</subfield>
    <subfield code="b">ATENEOM</subfield>
    <subfield code="c">DEPO2</subfield>
    <subfield code="d">2008-01-17</subfield>
    <subfield code="l">0</subfield>
    <subfield code="o">C-37588</subfield>
    <subfield code="p">1072973</subfield>
    <subfield code="r">2023-02-23 00:00:00</subfield>
    <subfield code="w">2023-02-23</subfield>
    <subfield code="y">MONOGRAFIA</subfield>
  </datafield>
</record>
